Statistiken für Allgemeinwissen #5

Klicken Sie hier um das Quiz zu spielen!

Allgemein

  • Dieses Quiz wurde 574 mal gespielt
  • Das Durchschnittsergebnis liegt bei 13 aus 20

Antwortstatistiken

HintAntwort% Korrekt
Wie oft wurde Deutschland Fußballweltmeister?4
98%
Wie heißt der höchste Berg der Erde?Mt. Everest
98%
Wie viele Grammy Awards hat Barack Obama gewonnen?2
97%
Wie viele Tage hat der Monat Dezember?31
95%
25
92%
Was ist das Symbol von Bor?B
86%
2⁵32
83%
Was ist das Symbol von Eisen?Fe
80%
Wovor hat jemand Angst der unter Arachnophobie leidet?Spinnen
79%
125
78%
Hauptstadt von Nordrhein-WestfalenDüsseldorf
78%
Die Einwohner welches Landes werden auch als "Kiwis" bezeichnet?Neuseeland
77%
Was ist die längste Bergkette Südamerikas?Anden
69%
Für was steht das "M" in y=mx+b?Steigung
48%
In welcher Stadt wurden die Olympischen Sommerspiele 2016 ausgetragen?Rio de Janeiro
38%
Was ist die Ordnungszahl von Eisen?26
32%
Weltweit meistbesuchte Homepagegoogle.com
28%
Was ist die Summenformel von Methan?CH4
22%
Wann kam Mario Kart DS raus?14.11.2005
2%
Fest im Judentum mit den Anfangsbuchstaben SSchawuot
1%

Verteilung der Resultate

Perzentil nach korrekt beantworteten Fragen

Anzahl Personen mit jedem Resultat

Ihre Resultats-Entwicklung

Sie haben dieses Quiz noch nicht gespielt